Matrix groups
Αποθηκεύτηκε σε:
| Κύριος συγγραφέας: | |
|---|---|
| Άλλοι συγγραφείς: | |
| Μορφή: | Βιβλίο |
| Γλώσσα: | English Russian |
| Δημοσίευση: |
Providence, R.I. :
American Mathematical Society,
1976.
|
| Σειρά: | Translations of mathematical monographs ;
45 |
| Θέματα: | |
| Ετικέτες: |
Προσθήκη ετικέτας
Δεν υπάρχουν, Καταχωρήστε ετικέτα πρώτοι!
|
MARC
| LEADER | 00000cam a2200000 i 4500 | ||
|---|---|---|---|
| 001 | 1/69285 | ||
| 008 | 020604s1976 riu| ||| |||| ||eng|| | ||
| 020 | |a 0821813412 | ||
| 035 | |l 10002219 | ||
| 040 | |a GR-MyUA |b gre |e AACR2 | ||
| 041 | 1 | |a eng |h rus | |
| 082 | 0 | |a 512.22 | |
| 100 | 1 | |a Suprunenko, D. A. |c (Dmitrii Alekseevich) | |
| 245 | 1 | 0 | |a Matrix groups / |c D. A. Suprunenko ; [translated from the Russian by Israel Program for Scientific Translations] ; translation edited by K. A. Hirsch. |
| 260 | |a Providence, R.I. : |b American Mathematical Society, |c 1976. | ||
| 300 | |a viii, 252 σ. ; |c 24 εκ. | ||
| 490 | 1 | |a (Translations of mathematical monographs |v ; 45) | |
| 500 | |a Τίτλος πρωτοτύπου: Gruppy matrits. | ||
| 504 | |a Περιέχει βιβλιογραφικές αναφορές και ευρετήριο. | ||
| 650 | 0 | 0 | |a Matrix groups. |
| 700 | 1 | |a Hirsch, K. A. |e trl | |
| 830 | 0 | |a Translations of mathematical monographs ; |v 45 | |
| 852 | |a INST |b SAMOS |e 20020604 |h 512.22 SUP |p 005300024488 |q 005300024488 |t BK |y 0 | ||
| 901 | |a BIBL3-2002-2 | ||
| 909 | |a Σ |b 102180 | ||
| 922 | |a 3ΕΛΗ |b 200202 |c ΤΜΗΜΑ ΜΑΘΗΜΑΤΙΚΩΝ |d ΠΑΠΑΣΩΤΗΡΙΟΥ | ||
| 970 | |a ΜΑΛΑΓΑΡΗ |b ΦΩΤΕΙΝΗ |z 2002/06/04 | ||